000 00899cam a22002897a 4500
003 CHAP
005 20220817043403.0
008 971013s1975 r 00010 d
010 _a74002
011 _a74974
035 _a84533
040 _cCHAP
082 _a581.41
_bC3
100 0 0 _aCarlquist, Sherwin John.
_918991
245 1 0 _aEcological strategics of xylem evolution
_c/by Sherwin John Carlquist
260 _aBerkeley :
_bUniversity of California,
_c1975.
300 _a259 p.
_b: láms
590 _aBATCH-UPD
_b10
_c20130110
_lUCH01
_h0729
590 _aBATCH-UPD
_b10
_c20130410
_lUCH01
_h0412
590 _aBATCH-UPD
_b10
_c20130914
_lUCH01
_h0845
590 _aCONVERSION
_b10
_c20130109
_lUCH01
_h1340
650 1 4 _aEcología vegetal.
_935188
650 1 4 _aXilema.
901 _aBK
942 _cLIBRO
949 _a581.41 C3
_bBC
_cLIBRO
_d33724000540902
_eLIBRO
_h41736
_i84533
_si
_t448.00
999 _c74002
_d74002